000 00654cam a2200229 a 4500
001 000019476
005 20200929170029.0
008 100629s1968 ve 000 0 spa d
040 _aDO-SdBNP
_bspa
_cBNPHU
082 _a853.914
_bB577v
100 1 _aBianciardi, Luciano
_941841
245 1 3 _aLa vida agria /
_cLuciano Bianciardi; traductor Jorge Capello.
246 0 _aLa vita agra
260 _aCaracas :
_bMonte Avila,
_c1968.
300 _a185 p. ;
_c20 cm.
490 1 _aPrisma;
650 4 _aNovela italiana
_94322
650 4 _aLiteratura italiana
_93329
700 1 _aCapello, Joge
_etra.
_941842
830 0 _aPrisma
_93770
049 _aBNGR
999 _c18992
_d18992